LEADER 00795nam a2200181 i 4500 001 000000098964 003 CaOOAMICUS 005 20171013000000.0 008 171013s1820 it u000 u ita u 013 $a71116 026 $aeses R.S. ntas cien (3) 1820 (R) 040 $aSeMil$bita 245 10$aVol. 1. 300 $aXII, 687, [3] p. 773 0 $aSchiller, Friedrich <1759-1805>$tHistoire de la guerre de trente-ans, par Schiller, et de la paix de Westphalie, par M.C.L. de Woltmann; ouvrages traduits de l'allemand et accompagnés de notes, par M.A. Mailher de Chassat ... Tome 1. [-2.].$dA Paris : Chez Le Normant, 1820.$g1$w()10028 850 $aSeMil 852 $aSeMil$W1$xVenegono$y1$m3S III 7 FA$j56646$B56646$CSeMilBibl$Z2$F66475 $8I 996 $6245$aVol. 1$9(OLS)http://semarc/title/13429 LEADER 01072nam a2200229 i 4500 001 000000152915 003 CaOOAMICUS 005 20060907000000.0 008 060907n it u000 u eng u 013 $a130256 040 $aSeMil$bita 100 1 $aAlexander, Joseph Addison.$0(OLS)http://semarc/name/59911 245 14$aThe Psalms :$btranslated and explained /$cJoseph Addison Alexander DD, author of "Commentary on the Prophecies of Isaiah". 260 $aMichigan :$bZondervan Publishing House,$c[195?] 300 $a564 p. ;$c23 cm. 490 0 $aClassic commentary library 650 4$aBibbia. Antico Testamento. Salmi - Commentari, studi, critica, interpretazioni.$0(OLS)http://semarc/subject/289 830 0$aClassic commentary library.$0(OLS)http://semarc/title/21559 850 $aSeMil 852 $aSeMil$W1$xVenegono$y1$m2W II 148$j104859$B104859$CSeMilBibl$Z2$F114039 $81 996 $6245$aThe Psalms :$btranslated and explained$9(OLS)http://semarc/title/223651 996 $6260$aMichigan :$bZondervan Publishing House$9(OLS)http://semarc/publisher/34367